01016nam a2200265 a 450000100100000000500170001000800410002702000220006804000250009008200180011510000360013324500940016924600380026326000340030130000320033549000400036750400300040759000260043765000390046365000350050265000330053783000470057095201160061799900170073300003410220200930070756.0110923s1989 sp 000 0 spa d a847737015X (V. 2) aDO-SdBNPbspacBNPHU a709.02bB216a1 aBango Torviso, Isidro G.95953310aAlta edad media :bde la tradición hispanogoda al románico /cIsidro G.Bango Torviso.14aIntroducción del arte español aMadrid :bSilex, D.L.,c1989. av. :bil., retrs. ;c25 cm.1 aIntroducción al arte españolv2 aBibliografía: p.234-235 aInventariado, 2019/VM 4aHistoria del arte español959534 4aArte miedevalxHistoria959535 4aArte romanoxHistoria959536 0aIntroducción al arte españolv2959537 001050718MOaGRbGRcHDd2011-09-23iLF1l0o709.02 B216ap34102-10r2020-06-25w2020-06-25y1ZNo se presta c33593d33593